| 000 -LEADER |
| fixed length control field |
01530 a2200325 4500 |
| 003 - CONTROL NUMBER IDENTIFIER |
| control field |
Nust |
| 005 - DATE AND TIME OF LATEST TRANSACTION |
| control field |
20170207154044.0 |
| 010 ## - LIBRARY OF CONGRESS CONTROL NUMBER |
| LC control number |
2008020129 |
| 020 ## - INTERNATIONAL STANDARD BOOK NUMBER |
| International Standard Book Number |
0470042567 (3 v. set : cloth) |
| 020 ## - INTERNATIONAL STANDARD BOOK NUMBER |
| International Standard Book Number |
0470078146 (v. 1) |
| 020 ## - INTERNATIONAL STANDARD BOOK NUMBER |
| International Standard Book Number |
0470078154 (v. 2) |
| 020 ## - INTERNATIONAL STANDARD BOOK NUMBER |
| International Standard Book Number |
0470078162 (v. 3) |
| 020 ## - INTERNATIONAL STANDARD BOOK NUMBER |
| International Standard Book Number |
9780470042564 (3 v. set : cloth) |
| 020 ## - INTERNATIONAL STANDARD BOOK NUMBER |
| International Standard Book Number |
9780470078143 (v. 1) |
| 020 ## - INTERNATIONAL STANDARD BOOK NUMBER |
| International Standard Book Number |
9780470078150 (v. 2) |
| 020 ## - INTERNATIONAL STANDARD BOOK NUMBER |
| International Standard Book Number |
9780470078167 (v. 3) |
| 035 ## - SYSTEM CONTROL NUMBER |
| System control number |
(OCoLC)ocn223868506 |
| 040 ## - CATALOGING SOURCE |
| Transcribing agency |
Nust |
| 082 00 - DEWEY DECIMAL CLASSIFICATION NUMBER |
| Classification number |
332 |
| 245 00 - TITLE STATEMENT |
| Title |
Handbook of finance -(E-BOOK) |
| Statement of responsibility, etc. |
Frank J. Fabozzi, editor. |
| 260 ## - PUBLICATION, DISTRIBUTION, ETC. |
| Place of publication, distribution, etc. |
Hoboken, N.J. : |
| Name of publisher, distributor, etc. |
John Wiley & Sons, |
| Date of publication, distribution, etc. |
c2008. |
| 300 ## - PHYSICAL DESCRIPTION |
| Extent |
3 v. : |
| Other physical details |
ill. ; |
| Dimensions |
29 cm. |
| 500 ## - GENERAL NOTE |
| General note |
PART 1 Market Players and Markets (Page-1) PART 2 Common Stock (Page-125) PART 3 Fixed Income Instruments(Page-205) PART 4 Real Estate(page-481) PART 5 Alternative Investments(Page-535) PART 6 Investment Companies, ETFs, and Life Insurance Products(Page-619) PART 7 Foreign Exchange (Page-675)Part 8 Inflation-Hedging Products(Page-715) Securities Finance(Page-741) |
| 505 0# - FORMATTED CONTENTS NOTE |
| Formatted contents note |
v. 1. Financial markets and instruments -- v. 2. Investment management and financial management -- v. 3. Valuation, financial modeling, and quantitative tools. |
| 650 #0 - SUBJECT ADDED ENTRY--TOPICAL TERM |
| Topical term or geographic name entry element |
Finance |
| 651 ## - SUBJECT ADDED ENTRY--GEOGRAPHIC NAME |
| Geographic name |
E-BOOK |
| 700 1# - ADDED ENTRY--PERSONAL NAME |
| Personal name |
Fabozzi, Frank J. |
| 856 42 - ELECTRONIC LOCATION AND ACCESS |
| Materials specified |
Publisher description |
| Uniform Resource Identifier |
<a href="http://www.loc.gov/catdir/enhancements/fy0834/2008020129-d.html">http://www.loc.gov/catdir/enhancements/fy0834/2008020129-d.html</a> |
| 856 42 - ELECTRONIC LOCATION AND ACCESS |
| Materials specified |
Table of contents only |
| Uniform Resource Identifier |
<a href="http://www.loc.gov/catdir/enhancements/fy0834/2008020129-t.html">http://www.loc.gov/catdir/enhancements/fy0834/2008020129-t.html</a> |
| 942 ## - ADDED ENTRY ELEMENTS (KOHA) |
| Source of classification or shelving scheme |
|
| Koha item type |
Book |